00498nam a2200145 a 4500001001000000003000900010005001700019007000300036008004100039040002500080111013100105245006000236260003400296300002200330000042593DO-SdBNP20230606114936.0ta140130s1985 000 spa d aDO-SdBNPbspacBNPHU aXIII Feria Nacional del Libros. Dr. Vetilio Alfau Duránc(del 6 al 13 de julio, 1985, Plaza de la Cultura Juan Pablo Duarte)10aXIII Feria Nacional del Libro Dr. Vetilio Alfau Durán aSanto Domingo :bUASD,c1985. a54 p. : ;c21 cm.